| 000 | 00451nam a2200205Ia 4500 | ||
|---|---|---|---|
| 001 | 12751 | ||
| 003 | GE_BSU | ||
| 008 | 181216s||||||||xx |||||||||||||| ||und|| | ||
| 020 | _a9780340951507 | ||
| 040 | _cGE_BSU | ||
| 080 | _a821.111-32.1 | ||
| 100 | _aMaclean, Charles | ||
| 245 | _aHome Before Dark | ||
| 260 | _aLondon | ||
| 260 | _bHodder & Stoughton | ||
| 260 | _c2008 | ||
| 300 | _a474p.24cm. | ||
| 653 | _aHome Before Dark | ||
| 942 | _cBK | ||
| 999 |
_c45922 _d45922 |
||